000 00855nam a2200241 i 4500
001 181101
003 ES-MaACL
005 20250915180943.0
008 121016s2011 sp a | |||||||| | spa d
020 _a978-84-96862-36-4
080 _a001(035)
100 1 _aCantó, Antonio.
_934666
245 1 3 _aLa pizarra de Yuri :
_bhistorias de ciencia al calor del fuego /
_cAntonio Cantó "Yuri Gagarin".
260 _a[Guadalajara] :
_bSilente,
_c[2011]
300 _a295 p. :
_bil. ;
_c24 cm.
490 1 _aSilente académica
650 4 _aCiencia-
_vObras de divulgación
_910959
830 1 _aSilente académica
_9191406
852 4 _aES-MaACL
_jN-5321
_9187984
_bR.148182
_cDEPO1
_dOlim: N-5321
_xDonación: Pedro A. García
903 _aGarcía Bilbao, Pedro A.,
_d1961-
_ednr
_9148494
942 _2udc
_cMONOGRAFIA
999 _c181101
_d181101